IITA research highlights 1981
Spremljeno u:
| Format: | Knjiga |
|---|---|
| Jezik: | Undetermined |
| Izdano: |
Nigeria
The Institute
1982
|
| Teme: | |
| Oznake: |
Dodaj oznaku
Bez oznaka, Budi prvi tko označuje ovaj zapis!
|
| Thư viện lưu trữ: | Trung tâm Học liệu Trường Đại học Cần Thơ |
|---|
| LEADER | 00494nam a2200169Ia 4500 | ||
|---|---|---|---|
| 001 | CTU_122771 | ||
| 008 | 210402s9999 xx 000 0 und d | ||
| 082 | |a 630.72 | ||
| 082 | |b I.61 | ||
| 245 | 0 | |a IITA research highlights 1981 | |
| 260 | |a Nigeria | ||
| 260 | |b The Institute | ||
| 260 | |c 1982 | ||
| 650 | |a Agriculture,Research agriculture,International Institute of Tropical Agriculture | ||
| 650 | |x Tropics | ||
| 904 | |i M.Loan | ||
| 980 | |a Trung tâm Học liệu Trường Đại học Cần Thơ | ||